000 00722nam a2200241 i 4500
001 142737
003 ES-MaACL
005 20230906200617.0
007 t|
008 071009s1958 sp ||||1| spa d
080 _a634.9(02)
100 1 _aVidal, José J.
_9114439
245 1 0 _aIniciación a la ciencia forestal /
_cJosé J. Vidal, Italo N. Constantino.
250 _a[1ª ed.].
260 _aBarcelona :
_bSalvat,
_c[1958] (
_fImp. Hispano-Americana)
300 _aXV, 547 p. ;
_c22 cm.
490 1 _aAgrícola Salvat
650 1 4 _aSilvicultura.
_917101
700 1 _aConstantino, Italo N.
_940250
830 0 _aAgrícola Salvat
_9181573
852 _aES-MaACL
_jC-16460
_bR.44353
999 _c142737
_d142737